[Event "Baku Open 2013"]
[Site "Baku AZE"]
[Date "2013.09.27"]
[Round "9.27"]
[White "Bayramov, Vugar"]
[Black "Guliev, Sarhan"]
[Result "1-0"]
[BlackTitle "GM"]
[WhiteElo "2245"]
[BlackElo "2460"]
[WhiteFideId "13400916"]
[BlackFideId "13400231"]
[EventDate "2013.09.19"]

1. d4 d5 2. Nf3 c5 3. g3 Nc6 4. Bg2 Nf6 5. O-O e6 6. c4 Be7 7. cxd5 exd5 8. Nc3
O-O 9. dxc5 Bxc5 10. Bg5 d4 11. Bxf6 Qxf6 12. Ne4 Qe7 13. Nxc5 Qxc5 14. Rc1 Qb6
15. b3 Bg4 16. Qd2 Rad8 17. Qf4 Bxf3 18. Bxf3 Nb4 19. Rc7 Nd5 20. Bxd5 Rxd5 21.
Rfc1 Qe6 22. Rxb7 g5 23. Qf3 g4 24. Qd3 Re8 25. Rc2 a5 26. Rbc7 Kg7 27. R7c5
Rxc5 28. Rxc5 Qxe2 29. Qxd4+ f6 30. Rg5+ Kf7 31. Rxg4 Qxa2 32. Qd5+ Re6 33. Kg2
Qc2 34. Rc4 Qe2 35. Qf5 Kg7 36. Qxa5 Kg6 37. Qd8 Re8 38. Qd7 h5 39. Rf4 Qe5 40.
b4 Re6 41. Qd8 Re8 42. Qd3+ f5 43. Kh3 h4 44. Rxh4 Re6 45. Qf3 1-0

[Event "Baku Open 2013"]
[Site "Baku AZE"]
[Date "2013.09.27"]
[Round "9.29"]
[White "Khalafova, Narmin"]
[Black "Guliev, Logman"]
[Result "0-1"]
[WhiteTitle "WFM"]
[BlackTitle "IM"]
[WhiteElo "2131"]
[BlackElo "2380"]
[WhiteFideId "13402625"]
[BlackFideId "13400061"]
[EventDate "2013.09.19"]

1. e4 c5 2. Nf3 Nc6 3. d4 cxd4 4. Nxd4 Nf6 5. Nc3 d6 6. h3 e5 7. Nf3 h6 8. Bc4
Be7 9. O-O O-O 10. Re1 Be6 11. Bf1 Rc8 12. b3 Qa5 13. Bb2 Rfd8 14. Qe2 a6 15.
Red1 Na7 16. Rd3 Nb5 17. Nxb5 axb5 18. a4 b4 19. Rd2 Qc5 20. g3 d5 21. exd5 Rxd5
22. Rxd5 Nxd5 23. Rc1 Nc3 24. Qxe5 Qxe5 25. Nxe5 Na2 26. Re1 Rxc2 27. Nc4 Bc5
28. Re2 Rxe2 29. Bxe2 Nc3 30. Bf3 Bxc4 31. bxc4 Nxa4 32. Bc1 b3 33. Bd2 b2 34.
Be4 Nb6 35. Bc3 Nxc4 36. Bxb2 Nxb2 37. Bxb7 Nd3 38. Kg2 Nxf2 39. g4 g6 0-1

[Event "Baku Open 2013"]
[Site "Baku AZE"]
[Date "2013.09.27"]
[Round "9.30"]
[White "Abdulov, Orkhan"]
[Black "Sevdimaliyev, Urfan"]
[Result "1/2-1/2"]
[WhiteTitle "IM"]
[BlackTitle "FM"]
[WhiteElo "2356"]
[BlackElo "2226"]
[WhiteFideId "13402714"]
[BlackFideId "13402463"]
[EventDate "2013.09.19"]

1. e4 c5 2. c3 d5 3. exd5 Qxd5 4. d4 Nf6 5. Nf3 e6 6. Be2 Be7 7. Be3 cxd4 8.
cxd4 O-O 9. Nc3 Qd6 10. Ne5 Nc6 11. Nxc6 bxc6 12. O-O Rd8 13. Rc1 Rb8 14. Qc2
Nd5 15. Nxd5 cxd5 16. b3 Ba6 17. Bd3 Rbc8 18. Qe2 Bxd3 19. Qxd3 Qb6 20. Rc2 Qb7
21. Rfc1 Ba3 22. Rxc8 Rxc8 23. Rc2 Rc6 24. g3 Qc8 25. Rxc6 Qxc6 26. Bd2 Bb2 27.
a4 h6 28. a5 a6 29. Kf1 e5 30. dxe5 Bxe5 31. Qe3 Bf6 32. Qd3 d4 1/2-1/2

[Event "Baku Open 2013"]
[Site "Baku AZE"]
[Date "2013.09.27"]
[Round "9.31"]
[White "Nasri, Amin"]
[Black "Heydarli, Kanan"]
[Result "0-1"]
[BlackTitle "IM"]
[WhiteElo "2347"]
[BlackElo "2278"]
[WhiteFideId "12501972"]
[BlackFideId "13404423"]
[EventDate "2013.09.19"]

1. d4 d5 2. c4 dxc4 3. Nf3 Nf6 4. Nc3 a6 5. e4 b5 6. e5 Nd5 7. a4 Bb7 8. axb5
Nxc3 9. bxc3 axb5 10. Rxa8 Bxa8 11. Ng5 e6 12. Qh5 g6 13. Qg4 Be7 14. Be2 h5 15.
Qg3 h4 16. Qg4 h3 17. Nxh3 b4 18. Ng5 bxc3 19. Bxc4 Bd5 20. Bd3 Rg8 21. h4 Nc6
22. O-O Nb4 23. Be2 Na2 24. Be3 c2 25. Ne4 Rh8 26. Ng5 Ba3 27. Qf4 Qe7 28. g3
Kf8 29. f3 Kg7 30. Kf2 c5 31. dxc5 c1=Q 32. Rxc1 Nxc1 33. Bxc1 Bxc1 34. Qxc1 Rc8
35. Kg2 Rxc5 36. Qf4 Rc2 37. Kf1 Qc7 38. Qf6+ Kg8 0-1

[Event "Baku Open 2013"]
[Site "Baku AZE"]
[Date "2013.09.27"]
[Round "9.32"]
[White "Mammadzada, Gunay"]
[Black "Mahdavirad, Mehdi"]
[Result "0-1"]
[WhiteTitle "WFM"]
[WhiteElo "2104"]
[BlackElo "2252"]
[WhiteFideId "13403729"]
[BlackFideId "12502669"]
[EventDate "2013.09.19"]

1. e4 c5 2. Nf3 Nc6 3. d4 cxd4 4. Nxd4 e5 5. Nb5 d6 6. N1c3 a6 7. Na3 Be7 8. Nc4
b5 9. Ne3 Nf6 10. a3 O-O 11. g3 b4 12. axb4 Nxb4 13. Bg2 a5 14. O-O Qc7 15. Qd2
Rd8 16. b3 Bb7 17. Bb2 Bf8 18. Rfd1 Bc6 19. Ncd5 Nfxd5 20. exd5 Bb5 21. Bf1 Bd7
22. Bc4 Rdb8 23. Qe2 Qb6 24. Kh1 g6 25. f4 Bh6 26. Ng4 Bxg4 27. Qxg4 Nxc2 28.
fxe5 Ne3 29. Qh4 Nxd1 30. Bd4 Bg5 31. Bxb6 Bxh4 32. Bc7 Rc8 33. Bxd6 Ne3 34.
gxh4 a4 35. Re1 Nxc4 36. bxc4 Rxc4 37. e6 Rd4 38. e7 Re8 39. Re5 f6 40. Re6 Kf7 0-1